Využitie marketingu v zdravotníckych kampaniach zameraných na osvetu diplomová práca

Saved in:
Bibliographic Details
Main Author: Trizuliaková, Erika
Corporate Author: Obchodná fakulta EU. Katedra marketingu
Other Authors: Hanuláková, Eva, 1964-
Format: Book
Language:Slovak
Published: Bratislava 2020
Tags: Add Tag
No Tags, Be the first to tag this record!

MARC

LEADER 00000nbm a2200000 4500
001 0266300
005 20201006135905.5
041 0 |a slo 
044 |a SK 
245 1 0 |a Využitie marketingu v zdravotníckych kampaniach zameraných na osvetu  |b diplomová práca  |c Erika Trizuliaková ; školiteľ: Eva Hanuláková 
264 1 |a Bratislava  |c 2020 
300 |a 95 s. 
100 1 |a Trizuliaková, Erika 
700 1 |a Hanuláková, Eva, 1964- 
710 2 |a Obchodná fakulta EU. Katedra marketingu